Ekonomika vnútorného obchodu
Salvato in:
| Autore principale: | |
|---|---|
| Ente Autore: | |
| Altri autori: | , , , |
| Natura: | Libro |
| Lingua: | slovacco |
| Pubblicazione: |
Bratislava
Rektorát Vysokej školy ekonomickej v Bratislave
1973
|
| Edizione: | 1. vydanie |
| Soggetti: | |
| Tags: |
Nessun Tag, puoi essere il primo ad aggiungerne!!
|
MARC
| LEADER | 00000nam a2200000 4500 | ||
|---|---|---|---|
| 001 | c111206 | ||
| 005 | 20251104100554.0 | ||
| 041 | 0 | |a slo | |
| 044 | |a SK | ||
| 245 | 1 | 0 | |a Ekonomika vnútorného obchodu |c kolektív ; recenzovali: E. Magdolén, E. Strážovská |
| 250 | |a 1. vydanie | ||
| 264 | 1 | |a Bratislava |b Rektorát Vysokej školy ekonomickej v Bratislave |c 1973 | |
| 300 | |a 323 s. | ||
| 610 | 2 | 0 | |a hospodárstvo národné |
| 610 | 2 | 0 | |a ekonomika |
| 610 | 2 | 0 | |a obchod vnútorný |
| 100 | 1 | |a Rendoš, Ladislav | |
| 700 | 1 | |a Hronský, Filip | |
| 700 | 1 | |a Schwaer, Ľudovít | |
| 700 | 1 | |a Magdolén, E. | |
| 700 | 1 | |a Strážovská, E. | |
| 710 | 2 | |a Vysoká škola ekonomická v Bratislave | |